Manchester United F.C. 2020-21 Squad - Statistics

General Stats
  • This quiz has been taken 524 times
    424 since last reset
  • The average score is 22 of 28
Answer Stats
No Position Nationality Answer % Correct
1 GK Spain David de Gea
99%
10 FW England Marcus Rashford
97%
7 FW Uruguay Edinson Cavani
96%
6 MF France Paul Pogba
96%
2 DF Sweden Victor Lindelöf
96%
5 DF England Harry Maguire
95%
9 FW France Anthony Martial
94%
18 MF Portugal Bruno Fernandes
93%
3 DF Côte d'Ivoire Eric Bailly
91%
17 MF Brazil Fred
91%
8 MF Spain Juan Mata
89%
23 DF England Luke Shaw
89%
31 MF Serbia Nemanja Matić
86%
39 MF Scotland Scott McTominay
86%
- Manager Norway Ole Gunnar Solskjær
84%
21 MF Wales Daniel James
83%
26 GK England Dean Henderson
82%
4 DF England Phil Jones
81%
22 GK Argentina Sergio Romero
79%
11 FW England Mason Greenwood
76%
29 DF England Aaron Wan-Bissaka
75%
34 MF Netherlands Donny van de Beek
69%
27 DF Brazil Alex Telles
64%
19 MF Côte d'Ivoire Amad Diallo
55%
13 GK England Lee Grant
49%
38 DF England Axel Tuanzebe
44%
33 DF England Brandon Williams
42%
43 DF England Teden Mengi
18%
No matching quizzes found
Score Distribution
Percent of People with Each Score
Percentile by Number Answered
Your Score History
You have not taken this quiz since the last reset